000 00382nam a2200157Ia 4500
008 230917s9999||||xx |||||||||||||| ||und||
040 _e204102
_aMAIN
041 _aEnglish
082 _a412 L122C(6)
100 _aLadefoged, Peter
245 0 _aCourse in phonetics
250 _a6th ed.
260 _aNew Delhi
_bCengage Learning
_c2011
300 _axii, 322 p.
942 _cBK
999 _c173975
_d173975